The many faces of corruption : (Record no. 4372)
[ view plain ]
| 000 -LEADER | |
|---|---|
| fixed length control field | nam a22 a 4500 |
| 003 - CONTROL NUMBER IDENTIFIER | |
| control field | AKMAL |
| 005 - DATE AND TIME OF LATEST TRANSACTION | |
| control field | 20170529112035.0 |
| 008 - FIXED-LENGTH DATA ELEMENTS--GENERAL INFORMATION | |
| fixed length control field | 170529t2007 my a e i 001 0 eng d |
| 020 ## - INTERNATIONAL STANDARD BOOK NUMBER | |
| International Standard Book Number | 0821367250 (pbk.) : |
| Terms of availability | RM140.00 |
| 040 ## - CATALOGING SOURCE | |
| Original cataloging agency | AKMAL |
| 082 00 - DEWEY DECIMAL CLASSIFICATION NUMBER | |
| Classification number | 364.1323 COM |
| Edition number | 22 |
| 090 00 - LOCALLY ASSIGNED LC-TYPE CALL NUMBER (OCLC); LOCAL CALL NUMBER (RLIN) | |
| Classification number (OCLC) (R) ; Classification number, CALL (RLIN) (NR) | 364.1323 |
| Local cutter number (OCLC) ; Book number/undivided call number, CALL (RLIN) | COM |
| 245 04 - TITLE STATEMENT | |
| Title | The many faces of corruption : |
| Remainder of title | tracking vulnerabilities at the sector level / |
| Statement of responsibility, etc. | edited by J. Edgardo Campos, Sanjay Pradhan |
| 260 ## - PUBLICATION, DISTRIBUTION, ETC. | |
| Place of publication, distribution, etc. | Washington, D.C. : |
| Name of publisher, distributor, etc. | World Bank, |
| Date of publication, distribution, etc. | c2007 |
| 300 ## - PHYSICAL DESCRIPTION | |
| Extent | xxxi, 447p. : |
| Other physical details | ill. ; |
| Dimensions | 26cm. |
| 504 ## - BIBLIOGRAPHY, ETC. NOTE | |
| Bibliography, etc. note | Includes bibliographical references and index |
| 650 10 - SUBJECT ADDED ENTRY--TOPICAL TERM | |
| Topical term or geographic name entry element | Corruption |
| 9 (RLIN) | 8521 |
| 650 20 - SUBJECT ADDED ENTRY--TOPICAL TERM | |
| Topical term or geographic name entry element | Economic development |
| General subdivision | Moral and ethical aspects |
| 9 (RLIN) | 8522 |
| 651 #0 - SUBJECT ADDED ENTRY--GEOGRAPHIC NAME | |
| Geographic name | Developing countries |
| General subdivision | Economic policy |
| -- | Moral and ethical aspects |
| 9 (RLIN) | 8523 |
| 700 1# - ADDED ENTRY--PERSONAL NAME | |
| Personal name | Campos, J. Edgardo |
| 9 (RLIN) | 8524 |
| 700 1# - ADDED ENTRY--PERSONAL NAME | |
| Personal name | Pradhan, Sanjay |
| 9 (RLIN) | 8525 |
| 942 ## - ADDED ENTRY ELEMENTS (KOHA) | |
| Source of classification or shelving scheme | |
| Koha item type | Book |
| 950 ## - LOCAL HOLDINGS (RLIN) | |
| Permanent shelving location, LOC (RLIN) | AKMAL |
| Withdrawn status | Lost status | Source of classification or shelving scheme | Damaged status | Not for loan | Collection code | Home library | Current library | Shelving location | Date acquired | Inventory number | Total Checkouts | Full call number | Barcode | Date last seen | Price effective from | Koha item type |
|---|---|---|---|---|---|---|---|---|---|---|---|---|---|---|---|---|
| NON-FICTION | AKMAL Melaka | AKMAL Melaka | RUJUKAN | 29.05.2017 | 305973 | 364.1323 COM | 201706455 | 29.05.2017 | 29.05.2017 | Book |
